Where Is That Country Located? #3 - Statistics

General Stats
  • This quiz has been taken 24 times
  • The average score is 8 of 10
Answer Stats
Question Answer % Correct
United Kingdom (Main Part) Great Britain
100%
Norway Scandinavia
96%
Israel South West Asia
92%
Guinea West Africa
88%
Vietnam Indochina
83%
Montenegro Balkan
79%
Georgia Caucasus
79%
Kyrgyzstan Eurasian Plate
79%
Mexico North America
67%
Palau Micronesia
42%
No matching quizzes found
Score Distribution
Percent of People with Each Score
Percentile by Number Answered
Your Score History
You have not taken this quiz